[Event "Chigorin Memorial 2014"]
[Site "St Petersburg RUS"]
[Date "2014.10.18"]
[Round "1.142"]
[White "Tugarin, Anton"]
[Black "Isaev, Vasily"]
[Result "1-0"]
[WhiteElo "2242"]
[BlackElo "1749"]
[WhiteFideId "24151246"]
[BlackFideId "34152188"]
[EventDate "2014.10.18"]

1. d4 d5 2. c4 e6 3. Nf3 c5 4. cxd5 exd5 5. Nc3 Nc6 6. g3 Nf6 7. Bg2 Be7 8. O-O
O-O 9. b3 Ne4 10. Bb2 Bf6 11. Na4 cxd4 12. Nxd4 Ne5 13. Rc1 Bd7 14. Nc5 Nxc5 15.
Rxc5 Be6 16. Qa1 Nd7 17. Rc2 Rc8 18. Rd2 Nb6 19. Rfd1 Rc7 20. a4 Rd7 21. h3 Nc8
22. e4 Re8 23. Nxe6 Bxb2 24. Qxb2 Rxe6 25. Rxd5 Red6 26. Qe5 b6 27. h4 Rxd5 28.
Rxd5 Rxd5 29. exd5 Ne7 30. h5 a5 31. Be4 h6 32. Bf5 Nxd5 33. Bd3 Nf6 34. Be2 Kf8
35. Bc4 Kg8 36. Kg2 Qa8+ 37. f3 Qd8 38. g4 Kf8 39. Kg3 Kg8 40. Be2 Kh7 41. f4
Kh8 42. Bf3 Kg8 43. g5 hxg5 44. fxg5 Nh7 45. Kg4 Qd7+ 46. Kh4 Qd2 47. Kg4 Qb4+
48. Be4 Qxb3 49. Bxh7+ Kxh7 50. g6+ fxg6 51. hxg6+ Kh8 52. Qb8+ 1-0

[Event "Chigorin Memorial 2014"]
[Site "St Petersburg RUS"]
[Date "2014.10.18"]
[Round "1.143"]
[White "Vorobyova, Valeriya"]
[Black "Kosarev, Aleksey"]
[Result "0-1"]
[WhiteElo "1742"]
[BlackElo "2237"]
[WhiteFideId "34130290"]
[BlackFideId "24172960"]
[EventDate "2014.10.18"]

1. e4 e5 2. Nf3 Nf6 3. Nxe5 d6 4. Nf3 Nxe4 5. d4 d5 6. Bd3 Nc6 7. c3 Bf5 8. O-O
Be7 9. Re1 O-O 10. a3 Re8 11. c4 Bf6 12. cxd5 Qxd5 13. Bxe4 Rxe4 14. Nc3 Rxe1+
15. Qxe1 Qc4 16. Be3 Bg4 17. Nd2 Qd3 18. h3 Bh5 19. Nb3 Nxd4 20. Nc5 Qc4 21.
Bxd4 Bxd4 22. Nxb7 Qb3 23. Qe4 Qxb2 24. Re1 Bxf2+ 0-1

[Event "Chigorin Memorial 2014"]
[Site "St Petersburg RUS"]
[Date "2014.10.18"]
[Round "1.144"]
[White "Shapiro, David"]
[Black "Pitkanen, Juhani"]
[Result "1-0"]
[WhiteTitle "FM"]
[WhiteElo "2236"]
[BlackElo "1736"]
[WhiteFideId "24133523"]
[BlackFideId "504432"]
[EventDate "2014.10.18"]

1. d4 Nf6 2. c4 g6 3. Nc3 Bg7 4. e4 d6 5. Bd3 O-O 6. Nge2 c5 7. d5 e6 8. O-O
exd5 9. exd5 Nfd7 10. b3 Na6 11. Bb2 Nc7 12. a4 a6 13. f4 f5 14. Qd2 Rb8 15.
Rae1 Nf6 16. Ba3 b6 17. Kh1 Bb7 18. Ng1 b5 19. axb5 axb5 20. cxb5 Ncxd5 21. Bc4
Ra8 22. Nxd5 1-0

[Event "Chigorin Memorial 2014"]
[Site "St Petersburg RUS"]
[Date "2014.10.18"]
[Round "1.145"]
[White "Lyubokhiner, Leonid M."]
[Black "Gorlanov, Vladislav"]
[Result "1/2-1/2"]
[WhiteElo "1709"]
[BlackElo "2235"]
[WhiteFideId "4183665"]
[BlackFideId "24121223"]
[EventDate "2014.10.18"]

1. e4 c5 2. Nf3 g6 3. d4 cxd4 4. Nxd4 Bg7 5. Nc3 Nc6 6. Be3 Nf6 7. Nxc6 bxc6 8.
Bc4 O-O 9. Bb3 a5 10. f3 Qc7 11. Qd2 Rd8 12. O-O-O Rb8 13. a3 d5 14. Bh6 Bxh6
15. Qxh6 d4 16. e5 Qxe5 17. Rhe1 Qc7 18. Ne4 a4 19. Nxf6+ exf6 20. Rxd4 Bf5 21.
Rxa4 Qd7 22. Qf4 g5 23. Qe3 Re8 24. Qc3 Rxe1+ 25. Qxe1 Rxb3 26. cxb3 Qd3 27. Re4
Bxe4 28. fxe4 Qxb3 29. Qc3 Qe6 30. Qd4 Kg7 31. Kc2 h5 32. a4 c5 33. Qd5 Qa6 34.
Kb3 Qb6+ 35. Kc2 Qa6 36. Kb3 Qb6+ 37. Kc2 Qa6 1/2-1/2

[Event "Chigorin Memorial 2014"]
[Site "St Petersburg RUS"]
[Date "2014.10.18"]
[Round "1.146"]
[White "Klukin, Kirill"]
[Black "Gantsevich, Dmitry"]
[Result "1-0"]
[WhiteElo "2234"]
[BlackElo "1698"]
[WhiteFideId "24199273"]
[BlackFideId "24162582"]
[EventDate "2014.10.18"]

1. d4 d5 2. Nf3 Nf6 3. c4 c6 4. e3 a6 5. Qc2 b5 6. b3 Bg4 7. Nbd2 Nbd7 8. Bb2 e6
9. Bd3 Bd6 10. Ne5 Rc8 11. Rc1 Qc7 12. cxb5 cxb5 13. Nxg4 Nxg4 14. Qd1 Qb7 15.
Rxc8+ Qxc8 16. Qxg4 Bb4 17. Qd1 Nf6 18. O-O Qc7 19. Nf3 Bd6 20. Qc2 Qb8 21. Qc6+
Ke7 22. Rc1 g6 23. Qxa6 h5 24. Ne5 Bxe5 25. dxe5 1-0

[Event "Chigorin Memorial 2014"]
[Site "St Petersburg RUS"]
[Date "2014.10.18"]
[Round "1.147"]
[White "Shadunts, Kirill"]
[Black "Pletnev, Evgeniy"]
[Result "0-1"]
[WhiteElo "1696"]
[BlackElo "2234"]
[WhiteFideId "34152781"]
[BlackFideId "24104140"]
[EventDate "2014.10.18"]

1. d4 f5 2. c4 Nf6 3. g3 g6 4. Bg2 Bg7 5. Nc3 d6 6. Nf3 O-O 7. O-O c6 8. Qc2 Na6
9. a3 Kh8 10. Rd1 Qe8 11. d5 cxd5 12. cxd5 Bd7 13. Bg5 Rc8 14. Bxf6 Bxf6 15.
Rdc1 Nc5 16. Nd2 Qf7 17. Qd1 Qg7 18. Nf1 b5 19. Rab1 a5 20. b4 axb4 21. axb4
Bxc3 22. bxc5 Rxc5 23. Nd2 Ra8 24. Nb3 Rc4 25. e3 b4 26. Bf1 Rcc8 27. Bd3 Qe5
28. Bc2 Bb5 29. Bd3 Qxd5 30. Bxb5 Qxb5 31. Nd4 Qd5 32. Qe2 Ra2 33. Qb5 Qxb5 34.
Nxb5 Rc5 35. Nxc3 Rxc3 36. Rxc3 bxc3 37. Rc1 c2 38. Kf1 Kg7 39. Ke2 Kf6 40. Kd2
Ke5 41. Rxc2 Rxc2+ 42. Kxc2 Ke4 43. Kd2 Kf3 44. Ke1 g5 0-1

[Event "Chigorin Memorial 2014"]
[Site "St Petersburg RUS"]
[Date "2014.10.18"]
[Round "1.148"]
[White "Schekachikhin, Maksim"]
[Black "Goryachev, Maksim"]
[Result "1-0"]
[WhiteElo "2233"]
[BlackElo "1693"]
[WhiteFideId "24177830"]
[BlackFideId "44188064"]
[EventDate "2014.10.18"]

1. e4 c5 2. Nf3 d6 3. d4 cxd4 4. Nxd4 Nf6 5. Nc3 g6 6. Be3 Bg7 7. Be2 Nc6 8. h3
O-O 9. O-O Bd7 10. Qd2 Rc8 11. Rad1 Ne5 12. f4 Nc4 13. Bxc4 Rxc4 14. Qd3 Rc8 15.
Rfe1 a6 16. e5 Ne8 17. Bf2 Bh6 18. Qe4 Bc6 19. Nxc6 bxc6 20. exd6 exd6 21. f5
Qa5 22. fxg6 hxg6 23. Rd4 Qc7 24. Ra4 a5 25. Qe7 Bd2 26. Qxc7 Nxc7 27. Rd1 Bxc3
28. bxc3 d5 29. c4 Rfe8 30. cxd5 Nxd5 31. Rxa5 Ra8 32. Rxa8 Rxa8 33. c4 Nc3 34.
Rd6 Ne4 35. Rxc6 Nxf2 36. Kxf2 Rxa2+ 37. Kf3 Kf8 38. Rd6 Ke7 39. Rd4 Rc2 40. h4
Ke6 41. Re4+ Kf6 42. g3 Rc3+ 43. Kf4 Kg7 44. Rd4 f6 45. Rd7+ Kf8 46. Rc7 Ke8 47.
c5 Rc4+ 48. Kf3 Rc3+ 49. Kg4 Rc4+ 50. Kh3 Kd8 51. Rg7 Rxc5 52. Rxg6 Ke7 53. Rg7+
Ke6 54. Kg4 Rc8 55. Ra7 Rg8+ 56. Kf4 Rb8 57. Ra4 Rb5 58. g4 Kf7 59. Ra7+ Kg6 60.
h5+ Kh6 61. Rf7 Rb4+ 62. Kf5 Rb5+ 63. Kxf6 Rxh5 64. gxh5 1-0

[Event "Chigorin Memorial 2014"]
[Site "St Petersburg RUS"]
[Date "2014.10.18"]
[Round "1.149"]
[White "Rubtsov, Aleksandr"]
[Black "Severina, Maria"]
[Result "0-1"]
[BlackTitle "WIM"]
[WhiteElo "1666"]
[BlackElo "2229"]
[WhiteFideId "34179272"]
[BlackFideId "4116909"]
[EventDate "2014.10.18"]

1. e4 e5 2. Nf3 Nc6 3. Bb5 a6 4. Ba4 Nf6 5. O-O Be7 6. Re1 b5 7. Bb3 d6 8. c3
O-O 9. d3 Na5 10. Bc2 c5 11. Nbd2 Re8 12. Nf1 Bf8 13. Ng3 g6 14. a4 Bb7 15. Bg5
h6 16. Bd2 Nc6 17. Qc1 Kh7 18. axb5 axb5 19. Rxa8 Bxa8 20. Bb3 Qd7 21. Qc2 Bb7
22. Ra1 Bg7 23. Nf1 d5 24. exd5 Nxd5 25. Be3 Nxe3 26. Nxe3 Rd8 27. Rd1 f5 28.
Qe2 Qc8 29. h3 Rd6 30. Nc2 Qd7 31. Na3 Na5 32. Bc2 b4 33. cxb4 cxb4 34. Nc4 Nxc4
35. dxc4 e4 36. Rxd6 Qxd6 37. Ne1 Qf4 38. b3 Bd4 39. Bd1 Be5 40. g3 Qg5 41. Ng2
Bd4 42. Kf1 Qc1 43. Qc2 Qa1 44. Ne3 h5 45. h4 Bc3 46. Ng2 Kg7 47. Ne3 Bc6 48.
Kg2 Qa7 49. Be2 Qf7 50. Nd5 Bxd5 51. cxd5 Qxd5 52. Bc4 Qe5 53. Qe2 f4 54. Qa2
f3+ 55. Kf1 Qd4 56. Qc2 e3 57. fxe3 Qxe3 58. Qd1 Bd4 59. Qxd4+ Qxd4 60. Ke1 Qg1+
61. Kd2 f2 62. Be2 f1=Q 63. Bxf1 Qxf1 64. Ke3 Kf6 65. Kd4 Qf3 66. Kc4 Qe3 67.
Kd5 Qxb3+ 68. Ke4 Qc4+ 69. Kf3 b3 70. Kg2 b2 71. Kh2 b1=Q 72. g4 Qf4+ 73. Kg2
Qbf1# 0-1

[Event "Chigorin Memorial 2014"]
[Site "St Petersburg RUS"]
[Date "2014.10.18"]
[Round "1.150"]
[White "Davydov, Sergey P."]
[Black "Matchenya, Ivan"]
[Result "1-0"]
[WhiteTitle "FM"]
[WhiteElo "2228"]
[BlackElo "1659"]
[WhiteFideId "4123182"]
[BlackFideId "34120120"]
[EventDate "2014.10.18"]

1. d4 Nf6 2. Nf3 g6 3. c4 Bg7 4. d5 d6 5. Nc3 O-O 6. e4 c6 7. Be2 cxd5 8. cxd5
Nbd7 9. Bg5 Nc5 10. Nd2 Qb6 11. Rb1 a6 12. b4 Ncd7 13. Nc4 Qc7 14. Rc1 h6 15.
Be3 Ng4 16. Bd4 Bxd4 17. Qxd4 Nge5 18. Nxe5 dxe5 19. Qd2 Kg7 20. O-O Qd6 21. Na4
Nf6 22. f3 e6 23. Rfd1 Rd8 24. Qb2 exd5 25. exd5 Bf5 26. Nc5 Rab8 27. Bc4 b5 28.
Bb3 Rbc8 29. Qf2 Rc7 30. g4 Bc8 31. h3 Ne8 32. Ne4 Qxb4 33. Rxc7 Nxc7 34. Qb6
Ne6 35. dxe6 Rxd1+ 36. Bxd1 Qe1+ 37. Kg2 Qxd1 38. e7 Bd7 39. Qd8 Qc2+ 40. Nf2
Qc6 41. Qf8+ Kf6 42. Ne4+ Ke6 43. Nc5+ Kf6 44. g5+ Kxg5 45. Ne4+ Kh5 46. Qxf7
Qc2+ 47. Kg3 Qc4 48. Qf6 g5 49. Qg7 Qc6 50. Qf7+ Qg6 51. Nf6# 1-0

[Event "Chigorin Memorial 2014"]
[Site "St Petersburg RUS"]
[Date "2014.10.18"]
[Round "1.151"]
[White "Zvereva, Svetlana"]
[Black "Semenova, Irina"]
[Result "0-1"]
[BlackTitle "WGM"]
[WhiteElo "1657"]
[BlackElo "2220"]
[WhiteFideId "24121282"]
[BlackFideId "4118367"]
[EventDate "2014.10.18"]

1. e4 e5 2. Nf3 Nc6 3. Bc4 Nf6 4. d4 exd4 5. O-O Nxe4 6. Re1 d5 7. Bxd5 Qxd5 8.
Nc3 Qa5 9. Nxe4 Be6 10. Neg5 O-O-O 11. Nxe6 fxe6 12. Rxe6 Bd6 13. Bg5 Rde8 14.
Qe2 Rxe6 15. Qxe6+ Kb8 16. a3 Rf8 17. Qg4 a6 18. Bd2 Qb5 19. b4 Ne5 20. Nxe5
Qxe5 21. g3 h5 22. Qd1 Qf5 23. Be1 h4 24. Qd3 Qg4 25. c3 Be5 26. cxd4 hxg3 27.
hxg3 Bxd4 28. Rd1 Bb6 29. Kg2 Rh8 30. Bc3 Qh3+ 31. Kf3 Rf8+ 32. Ke4 Qf5# 0-1

[Event "Chigorin Memorial 2014"]
[Site "St Petersburg RUS"]
[Date "2014.10.18"]
[Round "1.152"]
[White "Monin, Nikolay"]
[Black "Pankova, Julia"]
[Result "1-0"]
[WhiteTitle "IM"]
[WhiteElo "2209"]
[BlackElo "1655"]
[WhiteFideId "4104013"]
[BlackFideId "34103276"]
[EventDate "2014.10.18"]

1. Nf3 Nf6 2. c4 c5 3. g3 Nc6 4. Bg2 g6 5. O-O Bg7 6. d4 cxd4 7. Nxd4 O-O 8. Nc3
Nxd4 9. Qxd4 d6 10. Qd3 Be6 11. Bxb7 Rb8 12. Bg2 Nd7 13. b3 a5 14. Rb1 Bf5 15.
e4 Nc5 16. Qc2 Bd7 17. Be3 Bc6 18. Rfd1 Bxc3 19. Bxc5 Bb4 20. Bd4 Qc7 21. Qb2 a4
22. a3 Bc5 23. b4 Bxd4 24. Qxd4 Qb6 25. Rbc1 Rfc8 26. Qxb6 Rxb6 27. c5 dxc5 28.
Rxc5 Rcb8 29. e5 Bxg2 30. Kxg2 Rb5 31. Rdd5 Rxc5 32. Rxc5 Kf8 33. Ra5 Ke8 34.
Rxa4 Rb7 35. Ra5 Kd7 36. b5 Ke6 37. f4 Kd5 38. Kf3 Kc5 39. a4 Rd7 40. Ra6 Rc7
41. b6 Rb7 42. a5 Kc6 43. Ke4 f5+ 44. exf6 exf6 45. Ra7 Rb8 46. Rxh7 Re8+ 47.
Kf3 Kb5 48. Ra7 f5 49. b7 Rb8 50. a6 1-0

[Event "Chigorin Memorial 2014"]
[Site "St Petersburg RUS"]
[Date "2014.10.18"]
[Round "1.153"]
[White "Shugalei, Mikhail"]
[Black "Siagodnik, Anton"]
[Result "0-1"]
[BlackTitle "FM"]
[WhiteElo "1649"]
[BlackElo "2208"]
[WhiteFideId "34158950"]
[BlackFideId "13505963"]
[EventDate "2014.10.18"]

1. e4 e5 2. Nf3 Nf6 3. Nxe5 d6 4. Nf3 Nxe4 5. Nc3 Nxc3 6. dxc3 Be7 7. Bd3 O-O 8.
O-O Bg4 9. Be4 c6 10. c4 Nd7 11. c3 Ne5 12. Qe2 f5 13. Bd3 Qe8 14. Bf4 Bxf3 15.
gxf3 Qh5 16. Bxe5 dxe5 17. Qxe5 Rf6 18. Be2 Bd6 19. f4 Qg6+ 20. Kh1 Bxe5 21. Rg1
Qe8 22. fxe5 Qxe5 0-1

[Event "Chigorin Memorial 2014"]
[Site "St Petersburg RUS"]
[Date "2014.10.18"]
[Round "1.154"]
[White "Bivol, Alina"]
[Black "Bodnaruk, Svyatoslav"]
[Result "1-0"]
[WhiteTitle "WIM"]
[WhiteElo "2208"]
[BlackElo "1633"]
[WhiteFideId "4100123"]
[BlackFideId "34171212"]
[EventDate "2014.10.18"]

1. e4 e5 2. Nf3 Nc6 3. Nc3 Nf6 4. g3 g6 5. d4 exd4 6. Nxd4 d6 7. Bg2 Nxd4 8.
Qxd4 Bg7 9. O-O O-O 10. Qe3 Nd7 11. f4 Nc5 12. Qf3 f5 13. e5 dxe5 14. Rd1 Qe7
15. fxe5 Bxe5 16. Qd5+ Kh8 17. Bg5 Qd6 18. Qc4 Qb6 19. Be3 Bd6 20. Na4 Qa6 21.
Qd4+ Kg8 22. Nxc5 Bxc5 23. Qxc5 Qc4 24. b3 Qa6 25. Bd4 Kf7 26. Qxc7+ Ke8 27.
Bxb7 Be6 28. Qxh7 Qd6 29. Qxg6+ Rf7 30. Bxa8 Ke7 1-0

[Event "Chigorin Memorial 2014"]
[Site "St Petersburg RUS"]
[Date "2014.10.18"]
[Round "1.155"]
[White "Borunova, Tatiana"]
[Black "Saveliev, Alexei"]
[Result "0-1"]
[WhiteElo "1629"]
[BlackElo "2207"]
[WhiteFideId "24173665"]
[BlackFideId "24128546"]
[EventDate "2014.10.18"]

1. e4 c5 2. d3 e6 3. g3 Nc6 4. Nf3 d5 5. Qe2 Be7 6. Bg2 Nf6 7. O-O O-O 8. e5 Nd7
9. c4 d4 10. h4 h6 11. h5 b6 12. Re1 Bb7 13. Bf4 Qc7 14. Nh2 Rae8 15. Ng4 Bg5
16. Bxg5 hxg5 17. h6 f5 18. exf6 gxf6 19. f4 f5 20. Ne5 Ndxe5 21. fxe5 Qf7 22.
Nd2 g4 23. Kf2 Qg6 24. Rh1 Re7 25. Rh4 Nd8 26. Rah1 Rh7 27. Bxb7 Nxb7 28. Kg2
Kh8 29. Nb3 Nd8 30. Qd2 Nf7 31. Qf4 Qg5 32. a4 Rg8 33. a5 Qd8 34. a6 Qc8 35. Ra1
Rg6 36. Nd2 Qc6+ 37. Kf2 Rgxh6 38. Rxh6 Rxh6 39. Nf1 Kg7 40. b3 Kg6 41. Ra2 Ng5
42. Ke1 Rh1 43. Qf2 Nf3+ 44. Ke2 Qc7 45. Kd1 Nh2 46. Qxh2 Rxh2 47. Rxh2 Qxe5 48.
Re2 Qd6 49. Nd2 Qc6 50. Kc2 Qc8 51. Re1 Kf6 52. Rf1 Qxa6 53. Ne4+ Kg6 54. Nd2
Qb7 55. Re1 Kf6 56. Re2 Qh1 57. Rf2 Qg1 58. Rf1 Qg2 59. Kd1 e5 60. Kc1 Kg5 0-1

[Event "Chigorin Memorial 2014"]
[Site "St Petersburg RUS"]
[Date "2014.10.18"]
[Round "1.156"]
[White "Kharmunova, Nadezhda"]
[Black "Todua, Anastasia"]
[Result "1-0"]
[WhiteTitle "WIM"]
[WhiteElo "2206"]
[BlackElo "1611"]
[WhiteFideId "4195876"]
[BlackFideId "24174335"]
[EventDate "2014.10.18"]

1. e4 e6 2. d4 d5 3. Nc3 Bb4 4. e5 Nd7 5. Qg4 g6 6. Bg5 Be7 7. Bd2 Nb6 8. b3 Bd7
9. Nf3 h5 10. Qf4 Nh6 11. a4 a5 12. Bd3 Nf5 13. h3 c5 14. dxc5 Bxc5 15. Nb5 Bc6
16. Ke2 Nd7 17. g4 Ng7 18. Ng5 Rf8 19. Nh7 Rh8 20. Qh6 Rg8 21. Bg5 Be7 22. Nd6+
Bxd6 23. Bxd8 Bxe5 24. Bh4 Bxa1 25. Rxa1 hxg4 26. Qg5 1-0

[Event "Chigorin Memorial 2014"]
[Site "St Petersburg RUS"]
[Date "2014.10.18"]
[Round "1.157"]
[White "Akhmetshin, Aydar"]
[Black "Bebchuk, Boris"]
[Result "0-1"]
[WhiteElo "1609"]
[BlackElo "2204"]
[WhiteFideId "34137065"]
[BlackFideId "24129640"]
[EventDate "2014.10.18"]

1. e4 e5 2. Nf3 Nc6 3. Bb5 a6 4. Ba4 Nf6 5. Qe2 b5 6. Bb3 Be7 7. O-O d6 8. c3
O-O 9. Rd1 Na5 10. Bc2 c5 11. d4 Qc7 12. Bd3 Bg4 13. a4 exd4 14. axb5 c4 15. Bc2
d3 16. Bxd3 cxd3 17. Qxd3 Nb3 18. Rxa6 Nc5 19. Qe2 Nxa6 20. bxa6 Qb6 21. Be3
Qxa6 22. Qc2 Qa4 23. Qxa4 Rxa4 24. b4 Nxe4 25. Nbd2 Nxc3 0-1

[Event "Chigorin Memorial 2014"]
[Site "St Petersburg RUS"]
[Date "2014.10.18"]
[Round "1.159"]
[White "Sapegin, Yaroslav"]
[Black "Shkurkin, Nikolai"]
[Result "0-1"]
[WhiteElo "1587"]
[BlackElo "2204"]
[WhiteFideId "44168322"]
[BlackFideId "4188306"]
[EventDate "2014.10.18"]

1. d4 Nf6 2. Bg5 Ne4 3. Bh4 d5 4. e3 c6 5. Nd2 Bf5 6. Nxe4 Bxe4 7. f3 Bg6 8. Bd3
Qb6 9. Qc1 e5 10. Bxg6 hxg6 11. Bf2 Nd7 12. c3 exd4 13. exd4 O-O-O 14. Bg3 Re8+
15. Ne2 Qa6 16. Qd2 Nf6 17. h3 Nh5 18. Bh2 Re6 19. g4 Nf6 20. Bg3 Bd6 21. Bxd6
Rxd6 22. Kf2 Re6 23. a3 Qb6 24. Nf4 Re7 25. Nd3 Nd7 26. Rae1 Rxe1 27. Rxe1 Qd8
28. Kg2 Re8 29. Rxe8 Qxe8 30. Qe1 Qxe1 31. Nxe1 Nb6 32. b3 a5 33. a4 Nd7 34. Nd3
b5 35. Ne5 Nxe5 36. dxe5 c5 37. Kf2 c4 38. Ke2 cxb3 39. Kd2 bxa4 40. Kc1 a3 41.
Kb1 g5 0-1

[Event "Chigorin Memorial 2014"]
[Site "St Petersburg RUS"]
[Date "2014.10.18"]
[Round "1.160"]
[White "Grigorjev, Iljya"]
[Black "Chursina, Ada"]
[Result "1-0"]
[WhiteElo "2203"]
[BlackElo "1583"]
[WhiteFideId "24159565"]
[BlackFideId "34135283"]
[EventDate "2014.10.18"]

1. e4 e6 2. d4 d5 3. Nd2 c5 4. Ngf3 Nc6 5. exd5 Qxd5 6. Bc4 Qd8 7. dxc5 Bxc5 8.
O-O Nf6 9. Qe2 O-O 10. Nb3 Be7 11. Bf4 Bd7 12. Rad1 Qc8 13. c3 a6 14. Bd3 b5 15.
Bb1 Qb7 16. Bg5 Rfd8 17. Bxf6 Bxf6 18. Qd3 Qc7 19. Qxh7+ Kf8 20. Nc5 g6 21. Bxg6
Bg7 22. Bxf7 Kxf7 23. Ng5+ 1-0

[Event "Chigorin Memorial 2014"]
[Site "St Petersburg RUS"]
[Date "2014.10.18"]
[Round "1.161"]
[White "Bezobrazov, Lev"]
[Black "Abdusattorova, Bakhora"]
[Result "0-1"]
[BlackTitle "WFM"]
[WhiteElo "1579"]
[BlackElo "2102"]
[WhiteFideId "4152409"]
[BlackFideId "14204126"]
[EventDate "2014.10.18"]

1. e4 e5 2. Nf3 Nc6 3. Bc4 Bc5 4. b4 Be7 5. c3 Nf6 6. Qe2 d6 7. O-O O-O 8. a4
Bg4 9. d3 a5 10. b5 Nb8 11. d4 Nbd7 12. Bd3 Re8 13. Nbd2 Bf8 14. Bb2 d5 15. Qe1
exd4 16. Nxd4 Nc5 17. Bc2 dxe4 18. Qe3 Bd6 19. c4 Qe7 20. h3 Bd7 21. Rfe1 Qe5
22. Nf1 Qf4 23. Bc1 Qxe3 24. Nxe3 Be5 25. Bb2 c6 26. Rab1 Rad8 27. Red1 g6 28.
Bc3 Ra8 29. Bb2 Kg7 30. Ba3 Ne6 31. Bb2 Nf4 32. Kf1 c5 33. Nb3 b6 34. Bxe5 Rxe5
35. Rd6 Re6 36. Rbd1 Ra7 37. Rxe6 Bxe6 38. Rd6 Rb7 39. Nd2 Rd7 40. Rxd7 Bxd7 41.
Nxe4 Nxe4 42. Bxe4 Be6 43. h4 Kf6 44. g3 Ke5 45. f3 Nh5 46. Kf2 Nf6 47. Bd3 Kd4
48. Be2 Ne8 49. Nc2+ Kc3 50. Ne3 Nd6 51. Ke1 Nxc4 52. Nxc4 Bxc4 53. Bxc4 Kxc4
54. Kd2 Kb3 55. g4 c4 56. Kc1 Kxa4 57. g5 Kxb5 58. f4 Kc5 59. h5 gxh5 60. f5 h4 0-1

[Event "Chigorin Memorial 2014"]
[Site "St Petersburg RUS"]
[Date "2014.10.18"]
[Round "1.162"]
[White "Gogin, Maksim"]
[Black "Bodnaruk, Kseniya"]
[Result "1-0"]
[WhiteElo "2201"]
[BlackElo "1558"]
[WhiteFideId "24195871"]
[BlackFideId "34177865"]
[EventDate "2014.10.18"]

1. d4 d5 2. Bg5 f6 3. Bf4 Nc6 4. e3 e6 5. c4 Bb4+ 6. Nc3 Nge7 7. Nf3 Ng6 8. Bg3
Nce7 9. Qa4+ Nc6 10. Qc2 Bxc3+ 11. Qxc3 b6 12. cxd5 Qxd5 13. Bc4 Qd7 14. Bb5 Bb7
15. Rc1 Nge7 16. d5 Qxd5 17. Nd4 O-O-O 18. O-O Kb8 19. Nxc6+ Ka8 20. e4 Qxb5 21.
Nxd8 Rxd8 22. Qxc7 Qd7 23. Qxd7 Rxd7 24. Rfd1 Rxd1+ 25. Rxd1 Bc8 26. Rc1 Bb7 27.
Rc7 Ng6 28. f3 f5 29. Rxg7 fxe4 30. Rg8+ Bc8 31. Rxc8+ Kb7 32. Rc7+ Ka6 33. Rxh7
exf3 34. gxf3 Nf8 35. Rf7 Ng6 36. h4 b5 37. h5 Nh8 38. Rh7 b4 39. Rxh8 Kb5 40.
Bf2 a5 41. Rc8 a4 42. b3 axb3 43. axb3 e5 44. h6 e4 45. fxe4 Ka6 46. Rb8 Ka5 47.
h7 Ka6 48. h8=Q Ka5 49. Qa1# 1-0

[Event "Chigorin Memorial 2014"]
[Site "St Petersburg RUS"]
[Date "2014.10.18"]
[Round "1.163"]
[White "Akopian, Agasi"]
[Black "Baraeva, Irina"]
[Result "0-1"]
[BlackTitle "WIM"]
[WhiteElo "1543"]
[BlackElo "2197"]
[WhiteFideId "34136271"]
[BlackFideId "24142565"]
[EventDate "2014.10.18"]

1. e4 d5 2. exd5 Qxd5 3. Nc3 Qd6 4. Nf3 Nf6 5. d3 Bg4 6. Be2 e6 7. O-O Be7 8.
Be3 O-O 9. h3 Bh5 10. Qd2 c6 11. Rfe1 Nbd7 12. a3 e5 13. Rad1 Qc7 14. Ng5 Bg6
15. f4 exf4 16. Bxf4 Qb6+ 17. Kh1 Qxb2 18. Rb1 Qxa3 19. Bf3 Bb4 20. Rb3 Qa5 21.
Reb1 Bxc3 22. Qxc3 Qxc3 23. Rxc3 h6 24. Ne4 Nd5 0-1

[Event "Chigorin Memorial 2014"]
[Site "St Petersburg RUS"]
[Date "2014.10.18"]
[Round "1.164"]
[White "Sukhareva, Evgeniya"]
[Black "Biyachuev, Minkail"]
[Result "1-0"]
[WhiteElo "2196"]
[BlackElo "1527"]
[WhiteFideId "4167155"]
[BlackFideId "34120065"]
[EventDate "2014.10.18"]

1. d4 d5 2. Nf3 Nc6 3. Bf4 Bf5 4. e3 a6 5. a3 Nf6 6. c4 e6 7. c5 Nh5 8. Nc3 Nxf4
9. exf4 Be7 10. Be2 O-O 11. O-O Re8 12. b4 Bg4 13. Ne5 Bxe2 14. Nxe2 f6 15. Nf3
b6 16. cxb6 cxb6 17. Qd3 Bd6 18. g3 Ne7 19. Nc3 Rc8 20. Rfe1 Nf5 21. Nxd5 Nxg3
22. Nxf6+ Qxf6 23. hxg3 Qg6 24. Qxg6 hxg6 25. Rac1 a5 26. bxa5 Rxc1 27. Rxc1
bxa5 28. a4 Kf8 29. Rc6 Ke7 30. Ra6 Bb4 31. Ne5 Kf6 32. Kf1 Rd8 33. Ra7 Rxd4 34.
Rf7# 1-0

[Event "Chigorin Memorial 2014"]
[Site "St Petersburg RUS"]
[Date "2014.10.18"]
[Round "1.165"]
[White "Sindarov, Islombek"]
[Black "Mamatov, Melis"]
[Result "0-1"]
[WhiteElo "1527"]
[BlackElo "2191"]
[WhiteFideId "14205475"]
[BlackFideId "13800027"]
[EventDate "2014.10.18"]

1. e4 c6 2. d4 g6 3. Nc3 Bg7 4. Nf3 d6 5. Bc4 Nf6 6. a3 a6 7. h3 b5 8. Bd3 Bb7
9. Be3 Qc7 10. b4 Nbd7 11. O-O O-O 12. Kh1 c5 13. dxc5 dxc5 14. bxc5 Nxc5 15.
Bxc5 Qxc5 16. Qd2 Rac8 17. Ne2 Nxe4 18. Bxe4 Bxe4 19. Rac1 Bxf3 20. gxf3 Qxa3
21. c3 b4 22. Ra1 Bxc3 23. Rxa3 Bxd2 24. Rxa6 Rb8 25. Rb1 Rfd8 26. Rc6 Rdc8 27.
Rxc8+ Rxc8 28. Rb2 Bc3 29. Rc2 Rb8 30. Nxc3 Rc8 0-1

[Event "Chigorin Memorial 2014"]
[Site "St Petersburg RUS"]
[Date "2014.10.18"]
[Round "1.166"]
[White "Tarasov, Alexandr"]
[Black "Kapitsa, Artem"]
[Result "1-0"]
[WhiteElo "2191"]
[BlackElo "1443"]
[WhiteFideId "24128600"]
[BlackFideId "44188056"]
[EventDate "2014.10.18"]

1. d4 Nf6 2. Nf3 d6 3. c4 g6 4. Nc3 Bg7 5. g3 O-O 6. Bg2 c5 7. O-O Qb6 8. h3 Nc6
9. d5 Ne5 10. Nxe5 dxe5 11. Na4 Qc7 12. Be3 Nd7 13. Qb3 Rb8 14. Rad1 b6 15. Nc3
Nf6 16. f4 Ne8 17. d6 Nxd6 18. Nd5 Qd8 19. Bxc5 Be6 20. Nxe7+ Qxe7 21. Bxd6 Qe8
22. Bxb8 Qxb8 23. Kh2 Qc7 24. Bd5 exf4 25. gxf4 Bh6 26. e3 Qc8 27. Bxe6 Qxe6 28.
Rd3 Bg7 29. Rfd1 Bf6 30. Rd6 Qe7 31. Rd7 Qe8 1-0